000 00339nam a22001577a 4500
003 OSt
005 20211231140445.0
008 211231b |||||||| |||| 00| 0 eng d
020 _a0764535897
040 _cHU
050 _a005.3
082 _a005.3
110 _aEXC
_926624
245 _aExcell 2002 Simplified
942 _2ddc
_cBOOKS
_n0
999 _c25557
_d25557